| 000 | 00747cab a22002055a 4500 | ||
|---|---|---|---|
| 001 | L155778 | ||
| 008 | 120416e20120425xxk f 000 0 eng d | ||
| 035 | _a(Sirsi) u155778 | ||
| 041 | 0 | _aeng | |
| 100 | 1 | _aWright, Emily | |
| 245 | 0 | 4 | _aThe measure of things |
| 260 | _c2012 | ||
| 490 | 0 |
_aBuilding _v277(8722) 5 April 2012, 34-39(6) |
|
| 520 | _aComments on the Building/Hays Construction salary guide; tables of regional average salaries for experts including civil and structural CAD technicians (3 job levels shown), quantity surveyors (10 job levels shown), and building surveyors (6 job levels shown). | ||
| 590 | _aKA | ||
| 651 | 4 |
_aUnited Kingdom _y |
|
| 690 |
_aConstruction management _96230 |
||
| 690 |
_aBIM _96219 |
||
| 942 | _n0 | ||
| 999 |
_c83918 _d83918 |
||